Maschio è brutto /
Saved in:
| Andre forfattere: | |
|---|---|
| Format: | Bog |
| Sprog: | italiensk |
| Udgivet: |
Milano :
Bompiani,
1976
|
| Serier: | Tascabili Bompiani ;
16 Documenti e testimonianze |
| Fag: | |
| Tags: |
Ingen Tags, Vær først til at tagge denne postø!
|
MARC
| LEADER | 00000nam a22000007i 4500 | ||
|---|---|---|---|
| 001 | IT\ICCU\LO1\0399329 | ||
| 003 | ItRI | ||
| 005 | 20260115232339.0 | ||
| 008 | 960507s1976 it |||||| ||||| |||||c | ||
| 015 | |2 IT |a 7612359 | ||
| 040 | |b ita |c importazione bologna sebina | ||
| 041 | 7 | |a ita |2 ISO-639-2 | |
| 082 | |a 301.41 |9 SESSO |2 17 | ||
| 082 | |a 301.41 |9 SESSO |2 18 | ||
| 130 | 0 | |a Maschio è brutto |3 IT\ICCU\CAG\2169694 |9 Pisu, Renata | |
| 245 | 0 | 0 | |a Maschio è brutto / |c a cura di Renata Pisu. |
| 260 | |a Milano : |b Bompiani, |c 1976 | ||
| 300 | |a XXXI, 186 p. ; |c 19 cm | ||
| 650 | 7 | |a Uomo |x Comportamento sessuale | |
| 700 | 1 | |a Pisu, Renata |0 IT\ICCU\CFIV\051151 | |
| 790 | 1 | |a Corsini Pisu, Renata |3 IT\ICCU\SBNV\009407 |z Pisu, Renata | |
| 790 | 1 | |a Leed, Cristina |3 IT\ICCU\SBNV\009420 |z Pisu, Renata | |
| 830 | 0 | |a Tascabili Bompiani ; |v 16 |0 IT\ICCU\CFI\0000031 | |
| 830 | 0 | |a Documenti e testimonianze |0 IT\ICCU\LO1\0399331 | |
| 942 | |2 ddc |c BK |n 0 | ||
| 952 | |0 0 |1 0 |4 0 |6 DOC_856_914000000000000_PIS |7 0 |9 24572 |a BO |b BO |d 2026-01-15 |i 6105 |l 0 |o DOC 856.914 PIS |p BO6105 |r 2026-01-15 23:23:39 |w 2026-01-15 |x [Sebina 5] [1 v.] |y BK |z 1 v. | ||
| 999 | |c 20909 |d 20909 | ||